Cancer and non-cancer risks in normal and cancer-prone Trp53 heterozygous mice exposed to high-dose radiation /
Sparad:
| Huvudupphovsman: | |
|---|---|
| Övriga upphovsmän: | , |
| Materialtyp: | Artikel |
| Språk: | English |
| Ämnen: | |
| Taggar: |
Lägg till en tagg
Inga taggar, Lägg till första taggen!
|
| Thư viện lưu trữ: | Thư viện Trường Đại học Đà Lạt |
|---|
| LEADER | 00917nam a2200301 4500 | ||
|---|---|---|---|
| 001 | DLU110117842 | ||
| 005 | ##20101221 | ||
| 040 | # | # | |a DLU |b eng |
| 041 | # | # | |a eng |
| 044 | # | # | |a us |
| 100 | # | # | |a Carlisle, S. M. |
| 245 | # | # | |a Cancer and non-cancer risks in normal and cancer-prone Trp53 heterozygous mice exposed to high-dose radiation / |c S. M. Carlisle, P. A. Burchart, R. E. J. Mitchel. |
| 653 | # | # | |a Cancer |
| 653 | # | # | |a High-dose radiation |
| 653 | # | # | |a Mice |
| 653 | # | # | |a Tumors |
| 700 | # | # | |a Burchart, P. A. |
| 700 | # | # | |a Mitchel, R. E. J. |
| 773 | # | # | |t Radiation Research |g Vol. 173, no. 1 (January 2010), p. 40-48 |
| 920 | # | # | |a Phòng Tạp chí -- Trung tâm Thông tin - Thư viện Trường Đại học Đà Lạt |
| 994 | # | # | |a DLU |
| 900 | # | # | |a True |
| 911 | # | # | |a Trương Bảo Trâm Anh |
| 925 | # | # | |a G |
| 926 | # | # | |a A |
| 927 | # | # | |a BB |
| 980 | # | # | |a Thư viện Trường Đại học Đà Lạt |